[Event "ROM-ch"]
[Site "Baile Olanesti"]
[Date "2013.02.23"]
[Round "10"]
[White "Dolana, Andrei Theodor"]
[Black "Salageanu, Petru Gabriel"]
[Result "1-0"]
[WhiteElo "2199"]
[BlackElo "2111"]
[PlyCount "105"]
[EventDate "2013.02.16"]
[EventType "swiss"]
[EventRounds "11"]
[EventCountry "ROU"]
[SourceTitle "CBM 153 Extra"]
[Source "ChessBase"]
[SourceDate "2013.04.22"]
[SourceVersion "1"]
[SourceVersionDate "2013.04.22"]
[SourceQuality "1"]

1. e4 c5 2. c3 d6 3. d4 Nf6 4. Bd3 e6 5. Nf3 Nc6 6. 0-0 Be7 7. dxc5 dxc5 8. Qe2 e5 9. Bb5 Qc7 10. Bg5 Bd7 11. Nbd2 a6 12. Bc4 h6 13. Bxf6 Bxf6 14. Rfd1 Ne7 15. Nf1 b5 16. Bd5 Rd8 17. Ne3 0-0 18. a4 Qb6 19. axb5 axb5 20. c4 b4 21. Ra2 Nc6 22. Bxc6 Bxc6 23. Nd5 Bxd5 24. cxd5 Qc7 25. Qc4 Be7 26. Rda1 Bd6 27. Ra6 Qe7 28. Rc6 f5 29. Raa6 fxe4 30. Qxe4 Rf4 31. Qe2 e4 32. Nd2 Be5 33. g3 Rf6 34. Re6 Rxe6 35. Rxe6 Qg5 36. Qxe4 Bxb2 37. f4 Qh5 38. Nf3 Bd4+ 39. Kg2 Bf6 40. d6 Qf7 41. Qd5 Kh7 42. g4 Qg6 43. g5 Qc2+ 44. Kg3 b3 45. gxf6 b2 46. Nd2 b1Q 47. Nxb1 Qxb1 48. f7 Qg1+ 49. Qg2 Qd4 50. Qe4+ Qxe4 51. Rxe4 Rf8 52. d7 g5 53. Re8 1-0

[Event "Centrocoop op"]
[Site "Eforie Nord"]
[Date "2000.??.??"]
[Round "?"]
[White "Borisov, Viacheslav"]
[Black "Salageanu, Petru Gabriel"]
[Result "0-1"]
[WhiteElo "1750"]
[BlackElo "2150"]
[PlyCount "72"]
[EventDate "2000.??.??"]
[EventType "swiss"]
[EventRounds "9"]
[EventCountry "ROU"]
[SourceTitle "EXT 2004"]
[Source "ChessBase"]
[SourceDate "2003.11.25"]
[SourceVersion "1"]
[SourceVersionDate "2003.11.25"]
[SourceQuality "1"]

1. d4 d5 2. c4 e6 3. Nc3 Be7 4. Nf3 f5 5. Bf4 c6 6. e3 Nf6 7. Qc2 0-0 8. Bd3 Ne4 9. g4 Qa5 10. Bxe4 fxe4 11. Ne5 Nd7 12. c5 Nxe5 13. Bxe5 Bh4 14. Bg3 Bxg3 15. hxg3 e5 16. Rh4 exd4 17. exd4 Qd8 18. Qd2 Be6 19. 0-0-0 Qf6 20. Rf1 h6 21. Rfh1 Qg6 22. Qe2 Rf3 23. Nd1 Raf8 24. R1h2 Bxg4 25. Ne3 Be6 26. Rg2 Qf6 27. Rhh2 Qxd4 28. g4 Qxc5+ 29. Kb1 d4 30. Nf5 Bxf5 31. gxf5 Qxf5 32. Qc4+ Qd5 33. Qc1 e3 34. Rxh6 Rxf2 35. Rg1 Qf5+ 36. Ka1 Rf1 0-1